000 00421nam a2200181Ia 4500
001 809
005 20260306140545.0
008 260306t1995||||xx |||||||||||||| ||spa||
041 _aESP
082 _a170
_bF74
100 _aFagothey, Austin
_eAUT
245 0 _aÉtica:
_bteoría y aplicación
260 _c1995
300 _axii, 415 páginas :
_c24 cm.
650 _aGEN
654 _aCHU
942 _cLIB
_dJUS
_fJUS
_2ddc
_n
999 _c809
_d809